El conde Lucanor

Պահպանված է:
Մատենագիտական մանրամասներ
Հիմնական հեղինակ: Juan Manuel
Ձևաչափ: Գիրք
Լեզու:Undetermined
Հրապարակվել է: Barcelona, España DeBolsillo 2002
Խորագրեր:
Ցուցիչներ: Ավելացրեք ցուցիչ
Չկան պիտակներ, Եղեք առաջինը, ով նշում է այս գրառումը!

MARC

LEADER 00000nam a2200000Ia 4500
008 170316s9999 xx 000 0 und d
040 |a cru BVZT 
090 |a 862 J-7c 
100 |a Juan Manuel 
245 |a El conde Lucanor 
260 |a Barcelona, España 
260 |b DeBolsillo 
260 |c 2002 
300 |a 341 páginas 
650 |a LITERATURA ESPAÑOLA 
650 |a NOVELA 
999 |c 10046  |d 10046 
942 |c 15 D  |h 862 J-7c  |2 z